000 00298nam a2200109 4500
999 _c10569
_d10569
008 180906b ||||| |||| 00| 0 eng d
245 _aCopyright: do it right.
260 _aPhilippines
_bManila Bulletin
_cc2016
300 _apage E-2.
650 0 _930965
_aIntellectual property.
942 _2ddc
_cPER